El contrato social
Uloženo v:
| Hlavní autor: | |
|---|---|
| Médium: | Kniha |
| Jazyk: | španělština |
| Vydáno: |
Ciudad de México
UNAM
1962
|
| Edice: | Nuestros Clásicos, 23
|
| Témata: | |
| Tagy: |
Přidat tag
Žádné tagy, Buďte první, kdo vytvoří štítek k tomuto záznamu!
|
MARC
| LEADER | 00000nam a2200000 a 4500 | ||
|---|---|---|---|
| 001 | UCT6355 | ||
| 003 | CL-VaPUC | ||
| 008 | 970106e19620000MX |||||||||||||||||spa|d | ||
| 082 | 0 | 4 | |a 320.11 |b ROU |2 21 |
| 100 | |a Rousseau, Jean Jacques |e autor |9 255697 | ||
| 245 | 1 | 3 | |a El contrato social |
| 300 | |a 187 p | ||
| 942 | |c BK | ||
| 945 | |d 19970106 00:00:00 |a lriquelm | ||
| 260 | |a Ciudad de México |b UNAM |c 1962 | ||
| 650 | 7 | |a LEGISLACION |2 CL-VaPUC |9 376460 | |
| 650 | 0 | |a Gobierno |9 255508 | |
| 650 | 0 | |a Estado |9 255503 | |
| 650 | 0 | |a Democracia |9 255256 | |
| 650 | 0 | |a Aristocracia |9 356916 | |
| 650 | 0 | |a Monarquía |9 255259 | |
| 650 | 7 | |a SISTEMAS POLITICOS |2 CL-VaPUC |9 376461 | |
| 650 | 0 | |a Elecciones |9 254997 | |
| 650 | 0 | |a Sistemas electorales |9 326307 | |
| 650 | 0 | |a Poder político |9 255509 | |
| 650 | 0 | |a Dictadura |9 341206 | |
| 650 | 0 | |a Religión |9 255164 | |
| 650 | 0 | |a Ciencias Políticas |9 255201 | |
| 650 | 0 | |a Contrato social |9 308917 | |
| 650 | 7 | |a FILOSOFIA POLITICA |2 CL-VaPUC |9 376462 | |
| 650 | 0 | |a Desarrollo político |9 323087 | |
| 583 | |a last modification |c 19970106 00:00:00 |k Rodrigo Vera | ||
| 490 | 0 | |a Nuestros Clásicos, 23 | |
| 999 | |c 255068 |d 255066 | ||
| 952 | |0 0 |1 0 |4 0 |6 320_110000000000000_ROU_1962 |7 0 |8 A |9 277127 |a BIBDER |b BIBDER |d 2019-11-19 |i 1798618 |l 3 |o 320.11 ROU 1962 |p 1798618 |r 2025-04-21 |s 2025-04-14 |w 2019-11-19 |y BK |k DER | ||